000 00721nam a2200253Ia 4500
003 OSt
005 20221005113938.0
006 a|||||r|||| 00| 0
007 ta
008 221004b |||||||| |||| 00| 0 ara d
020 _a9771106023 (pbk)
_c90
024 _a40003
037 _b03, 26/03/2007, Nadwi Publications
_cTextual
040 _aCRL
_cCRL
_bara
041 _2ara
_aara
082 _aO28,3M98,43, P6
100 _aHakeem Taufeeq Au.
245 0 _aAl-khurooj minal jannat
260 _c2006
300 _a191p.
_ccm.
650 _aARABIC FICTION
_964594
942 _hO28,3M98,43, P6
_cTEXL
_2cc
999 _c1029818
_d1029818